Periodismo /

Guardado en:
Autor Principal: Budassi, Sonia
Formato: Libro
Publicado: Bahía Blanca : 17grises, 2010
Series:Colección Literaria / imaginaria
Materias:
Etiquetas: Agregar Etiqueta
Sin Etiquetas, Sea el primero en etiquetar este registro!
LEADER 00602nam a22002175a 4500
001 CEM.cems013427
005 20101020123439.0
008 130507s2010##################000#0#####d
003 CEMS
020 |a 9789871724000 
082 0 4 |a A868.4 
100 1 |a Budassi, Sonia 
245 1 0 |a Periodismo /  |c Sonia Budassi 
260 |a Bahía Blanca :  |b 17grises,  |c 2010 
300 |a 112 p. 
490 0 |a Colección Literaria / imaginaria 
653 |a Literatura 
653 |a Literatura bahiense 
653 |a Narrativa bahiense 
653 |a Narrativa 
859 |a CEMS  |b BIB. CEMS - 11 de abril  |h A868.4  |i B858  |p 25944.10  |t Ej.1